000 00747nam a2200205Ia 4500
008 130821s1983 sp gr dspa
040 _aCo-BoUCM
_bspa
041 _aspa
100 1 _aGauthier, André
_9116138
245 _aBeethoven
_cTraducción del Francés por: Felipe Ximénez de Sandoval
260 _aMadrid (España)
_bEspasa-Calpe
_c1983
300 _a128 páginas
600 _aBeethoven, Ludwig Van
_d1770-1827
_9156024
600 _aBeethoven, Ludwig Van
_d1770-1827
_vBiografías
_9156025
650 0 4 _aBiografías
_97343
650 0 4 _aMúsicos alemanes
_920030
700 1 _aXiménez de Sandoval, Felipe
_etraductor.
_9114068
942 _cLIBRO
_a19
_e1
_mG18B
_2DEWEY
_h920.78
999 _c15856
_d15856